The search for a Thousand milion dollars

Saved in:
Bibliographic Details
Corporate Author: For National Association of Food Chains
Format: Book
Language:Undetermined
Published: Chicago A. T. Kearney & Company, Inc. 1966
Subjects:
Tags: Add Tag
No Tags, Be the first to tag this record!
Institutions: Trung tâm Học liệu Trường Đại học Cần Thơ
LEADER 00572nam a2200193Ia 4500
001 CTU_86762
008 210402s9999 xx 000 0 und d
082 |a 388.3228 
082 |b N277 
110 |a For National Association of Food Chains 
245 4 |a The search for a Thousand milion dollars 
245 0 |c For National Association of Food Chains 
260 |a Chicago 
260 |b A. T. Kearney & Company, Inc. 
260 |c 1966 
650 |a Transportation 
650 |x Distribution 
904 |i Năm 
980 |a Trung tâm Học liệu Trường Đại học Cần Thơ